Jar v zoo : Pribudli kobylka a žrebček

Podrobná bibliografia
Hlavný autor: (ana) (Author)
Médium: Článok
Jazyk:Slovak
Témy:
Zdroj: 1. Lúč 1. Roč. 4, č. 79(1995), dát. 0404, s. 2
LEADER 00705nab#a2200289#ar4500
001 000011421
003 SVKKK
005 00000000000000.0
008 c xo e sloo
FMT
038 |a SVKKK 
040 |a SVKKK  |b slo  |e AACR2 
041 0 |a slo 
044 |a xo  |c SK 
080 |a 791.8  |2 1981 
100 0 |a (ana)  |4 aut 
245 1 0 |a Jar v zoo :  |b Pribudli kobylka a žrebček  |c (ana) , 
650 0 4 |a ZOO, Košice-Kavečany (KE)  |x prírastky nové  |x informácie 
773 0 |t Lúč  |g Roč. 4, č. 79(1995), dát. 0404, s. 2 
957 |a Košice-Kavečany 
958 |a KE 
958 |a RE 
974 |d 960718  |a Šá 
992 |a RBX 
BAS
852 |a SVKKK  |b BIB 
998 |a REG